Με τον ρυθμό της ψυχής : αφιέρωμα στον Γιώργο Ιωάννου
Αποθηκεύτηκε σε:
| Άλλοι συγγραφείς: | , , |
|---|---|
| Μορφή: | Βιβλίο |
| Γλώσσα: | Greek |
| Δημοσίευση: |
Αθήνα :
Κέδρος,
c2006.
|
| Θέματα: | |
| Ετικέτες: |
Προσθήκη ετικέτας
Δεν υπάρχουν, Καταχωρήστε ετικέτα πρώτοι!
|
MARC
| LEADER | 00000cam a2200000 a 4500 | ||
|---|---|---|---|
| 001 | 1/124019 | ||
| 008 | 211202s2006####gr | ||| |||| ||gre|| | ||
| 020 | |a 9600427577 | ||
| 040 | |a GR-MyUa |b gre |c GR-MyUa |e AACR2 | ||
| 041 | 0 | |a gre | |
| 082 | 7 | |a 889.3 |2 (23) | |
| 245 | 0 | 0 | |a Με τον ρυθμό της ψυχής : |b αφιέρωμα στον Γιώργο Ιωάννου / |c επιμέλεια Νάσος Βαγενάς, Γιάννης Κοντός, Νινέττα Μακρυνικόλα. |
| 260 | |a Αθήνα : |b Κέδρος, |c c2006. | ||
| 300 | |a 823 σ. ; |c 21 εκ. | ||
| 600 | 1 | 0 | |a Ιωάννου, Γιώργος, |d 1927-1985. |
| 650 | 0 | |a Greek literature | |
| 700 | 1 | |a Βαγενάς, Νάσος Αχ., |d 1945- |e edt | |
| 700 | 1 | |a Κοντός, Γιάννης, |d 1943-2015, |e edt | |
| 700 | 1 | |a Μακρυνικόλα, Αικατερίνη, |e edtf | |
| 852 | |a INST |b LESVOS |e 20211202 |h 889.3 ΡΥΘ |p 005100063786 |q 005100063786 |t BK |y 0 | ||
| 970 | |a Καμάτσου |b Δέσποινα |z 02-12-2021 | ||